000 00756nam a22002177a 4500
999 _c18274
_d18274
005 20251125232905.0
008 s2537 th tha d
020 _a9742821089
040 _aNALT
041 _atha
100 0 _aนพนิธิ สุริยะ
245 1 0 _aสิทธิมนุษยชน / นพนิธิ สุริยะ
260 3 _aกรุงเทพฯ :
_bวิญญูชน,
_c2537
300 _a205 หน้า ;
_b 21 ซม.
650 0 4 _aสิทธิมนุษยชน
850 _aNALT
856 4 0 _uhttps://hdl.handle.net/20.500.14156/302461
_71
942 _cLB
_2lcc
_02
998 _j25
_k นีลวัสน์ อินทรักษา
090 _aKF43 น169 2537